| 000 | 00472nam a2200181 a 4500 | ||
|---|---|---|---|
| 001 | 1758096253902 | ||
| 003 | ACL | ||
| 005 | 20250917133613.0 | ||
| 008 | 250917s2003##################000#0#eng## | ||
| 020 | _a9781590845318 | ||
| 082 | 0 | 4 |
_a791.64 _bPET |
| 100 | 1 |
_aPeters, Craig, _eauthor. |
|
| 245 | 1 | 0 | _aTechniques of Dance for Cheerleading : |
| 260 |
_bMason Crest Publishers, _c2003. |
||
| 650 | 0 | _aJuvenile Nonfiction. | |
| 942 | _cENGLISH | ||
| 040 |
_aACL _beng _cACL |
||
| 999 |
_c587657 _d587657 |
||